000
00240nam a2200109Ia 4500
100
_a
Naim A.kheir
942
_c
BK
245
_a
Systems Modelling and computer simulation
260
_b
Marcel Dekker
_c
1995
546
_a
ENGLISH
999
_c
29721
_d
29721